000
00409 a2200133 4500
000
nam a22 7a 4500
100
_a
मीना, ओमप्रकाश
110
_a
मीना, ओमप्रकाश
245
_a
लोक प्रशासन एक परिचय
250
_a
latest edition
260
_b
Bookmen Associates
_c
2024
264
_b
Bookmen Associates
_c
2024
942
_c
BK
999
_c
394399
_d
394399